📖🎭150 premiers mots "Topaze" Marcel Pagnol - Statistiques

Statistiques générales
  • Ce quiz a Ă©tĂ© pris 32 fois
  • Le rĂ©sultat moyen est 70 sur 150
Statistiques - réponses
Mots % Correct
Ă 
100%
À
100%
"L'
100%
n'
100%
d'
94%
"Il
94%
Muche.
94%
un
94%
Une
94%
une
94%
de
88%
et
88%
le
88%
LE
88%
Les
88%
LES
88%
les
88%
pas
88%
PAS
88%
des
82%
la
82%
NE
82%
on
82%
se
82%
en
76%
qui
76%
Au-
71%
Au
71%
au-
71%
est
71%
que
71%
dessus
59%
FAIT
59%
ou
59%
fenĂȘtre
47%
fenĂȘtre,
47%
sur
47%
TOUS
47%
ARGENT
41%
BONHEUR."
41%
porte-
41%
voit
41%
classe
35%
homme
35%
petite
35%
salle
35%
sont
35%
temps
35%
vitres
35%
pension
29%
travers
29%
deux
24%
enfants
24%
FAIRE."
24%
haut.
24%
MÈRE
24%
pied
24%
plafond,
24%
armoire,
18%
cartes
18%
entre
18%
lettres
18%
murs
18%
tableaux
18%
tableaux,
18%
vice."
18%
VICES."
18%
ampoules
12%
centre,
12%
fond,
12%
géographie,
12%
grosses
12%
jouent,
12%
mieux
12%
MIEUX
12%
papier
12%
passer
12%
tapissés
12%
vaut
12%
crĂšme,
6%
estrade
6%
frise
6%
laquelle
6%
mal
6%
mesures,
6%
morales :
6%
poids
6%
alcoolique).
0%
antialcooliques
0%
auréolent
0%
"Bonne
0%
ceinture
0%
chaire :
0%
chaire,
0%
détachent
0%
diverses
0%
dorée."
0%
électriques.
0%
émaillée
0%
(foie
0%
foie
0%
images
0%
inscriptions
0%
minable ...
0%
oisiveté
0%
"Pauvreté
0%
réflecteurs
0%
renommée
0%
sain,
0%
silhouette
0%
SOUFFRIR
0%
tĂŽle
0%
Aucun quiz correspondant
Distribution des résultats
% des personnes avec chaque résultat
Percentile par nombre de réponses
Votre historique - résultats
Vous n’avez pas pris ce quiz